Habitat II siyasal partilerimizin konut politikaları (Record no. 3141)

MARC details
000 -BAŞLIK
Sabit Uzunlukta Kontrol Alanı 00807na a2200229 4500
001 - KONTROL NUMARASI
Denetim Alanı 18656
003 - KONTROL NUMARASI IDENTIFIER
Denetim Alanı MIRAKIL
005 - SON İŞLEM TARİHİ VE ZAMANI
Denetim Alanı 20181213154922.0
008 - SABİT-BOY VERİ ELEMANLARI - GENEL BİLGİLER
Sabit Uzunlukta Kontrol Alanı 161123b tu 000 0
035 ## - SİSTEM KONTROL NUMARASI
Sistem Kontrol Numarası 18656
040 ## - KATALOGLAMA KAYNAK
Orijinal Kataloglama Ajansı Milas
Kataloglama Dili tur
Metne Dönüştürmek Ajansı TR-AnCHP
041 ## - DİL KODU
Metin / Ses Parça Veya Ayrı Başlığın Dil Kodu tur
082 ## - DEWEY ONLU SINIFLANDIRMA NUMARASI
Sınıflandırma Numarası 334
Ürün Numarası H21 1996
090 ## - SINIFLAMA NUMARASI
Sınıflama Numarası 334 H21 1996
111 ## - ANA GİRİŞ - TOPLANTI ADI
Giriş Elemanı Olarak Toplantı Adı Veya Yargı Alanı Adı Habitat II Siyasal Partilerimizin Konut Politikaları 1996 İlkbahar Semineri
Toplantının Yeri Antalya
Toplantı Veya Antlaşma İmzalandığı Tarihi 1996
245 ## - BAŞLIK TABLOSU
Başlık Habitat II siyasal partilerimizin konut politikaları
Başlığın Kalan 1996 ilkbahar semineri
Sorumluluk Tablosu, Vb Türkiye Kent Kooperatifleri Merkez Birliği
260 ## - YAYIN, DAĞITIM, VB
Yayın, Dağıtım, Vb Yeri Antalya
Yayıncı, Dağıtıcı, Vs Adı Türkiye Kent Kooperatifleri Merkez Birliği
Yayın, Dağıtım, Vb Tarihi 1996
300 ## - FİZİKSEL TANIM
Kapsam 162 s.
Boyutlar 24 sm.
650 ## - KONU KATMA GİRİŞ - TOPİKAL DÖNEM
Topikal Süreli Veya Coğrafi Ad Giriş Elemanı Seçim partileri
Genel Alt Bölümü Toplantılar
Coğrafi Alt Bölümü Türkiye
650 ## - KONU KATMA GİRİŞ - TOPİKAL DÖNEM
Topikal Süreli Veya Coğrafi Ad Giriş Elemanı Konut politikası
Genel Alt Bölümü Toplantılar
Coğrafi Alt Bölümü Türkiye
942 ## - EKLENDİ GİRİŞ ELEMANLARI (KOHA)
Sınıflandırma Veya Raf Düzeni Kaynak Dewey Decimal Classification
Koha Öğesi Türü Books
999 ## - SİSTEM KONTROL NUMARALARI (KOHA)
Koha Biblionumber 3141
Koha Biblioitemnumber 3141
Holdings
Kalıcı Konum Mevcut Konum Edinme Tarihi Edinim Kaynak Toplam Check-Out'Lar Tam Çağrı Numarası Barkod Tarih Son Görülme İtibaren Geçerli Fiyatlar Koha Öğesi Türü
CHP Kütüphanesi CHP Kütüphanesi 11/23/2016 Bağış   334 H21 1996 009658 11/23/2016 11/23/2016 Books